Normal view
MARC view
- ORTHOGONAL FREQUENCY DIVISION MULTIPLEXING, WIRELESS COMMUNICATION SYSTEMS.OFDM FUNDAMENTALS..OFDMA BASED NETWORKS
Entry Topical Term
001 - CONTROL NUMBER
- control field: 65410
003 - CONTROL NUMBER IDENTIFIER
- control field: NUST
005 - DATE AND TIME OF LATEST TRANSACTION
- control field: 20210628203429.0
008 - FIXED-LENGTH DATA ELEMENTS
- fixed length control field: 210628|| aca||aabn | a|a d
040 ## - CATALOGING SOURCE
- Original cataloging agency: NUST
- Transcribing agency: NUST
150 ## - HEADING--TOPICAL TERM
- Topical term or geographic name entry element: ORTHOGONAL FREQUENCY DIVISION MULTIPLEXING, WIRELESS COMMUNICATION SYSTEMS.OFDM FUNDAMENTALS..OFDMA BASED NETWORKS
670 ## - SOURCE DATA FOUND
- Source citation: Work cat.: (NUST): Liu, Hui , Li, Guoqing , Guoqing Li 65409, Ofdm based broadband wireless networks , design and optimization, 2005
